000 01168nam0a22002651 4500
001 rc\2379488
005 20260407111611.0
035 _a(NLR Aleph) 006661403
090 _a4898415
_c4898415
100 _a20110829d1979 |||y0rusy50 ca
101 0 _arus
102 _aRU
105 _ay z |||||
200 1 _aРекомендации в помощь пропагандистам по методике расчета личных встречных планов слушателей
_fДом полит. просвещения Мин. обкома КПБ, Обл. обществ. метод. совет по работе школ. ком. труда
_g[Подгот. кандидаты экон. наук Огурцов Н.И., Самара]
210 _aМинск
_cБ. и.
_d1979
215 _a19 с.
_d20
702 1 _aСамара
_4570
702 1 _aОгурцов
_bН.И.
_4570
712 0 2 _aМинский обл. дом политического просвещения
_3RU\NLR\AUTH\889939313
_9373496
801 0 _aRU
_bNLR
_gpsbo
801 1 _aRU
_bELAR
_2rusmarc
852 _aNLR
_j79-4/14848
899 _aRuMoRGB
_jМ 79-5/1408
942 _cBOOK
980 _aNB